| 000 | 02067nam0a22003131 4500 | ||
|---|---|---|---|
| 001 | v19\rc\1743988 | ||
| 005 | 20260407062808.0 | ||
| 035 | _a(NLR Aleph) 004889571 | ||
| 090 |
_a5256475 _c5256475 |
||
| 100 | _a20061204d1904 u y0rusy50 ca | ||
| 101 | 0 | _arus | |
| 102 | _aRU | ||
| 105 | _aa z ||||| | ||
| 200 | 1 |
_aСеверные сказки для маленьких детей _eСост. по Виктору Рюдбергу, З. Топелиусу и Гансу-Христиану Андерсену О. Корчевской |
|
| 210 |
_a[Москва] _cт-во И.Д. Сытина _dценз. 1904 |
||
| 215 |
_a111 с. _cил. _d24 |
||
| 327 | 1 | _aСодерж.: Приключения маленького Вигга в ночь под Рождество; Звездоглазка; Две сосны; Дважды два - четыре; Солнечный луч в ноябре; Ромашка; Лизок с вершок; Ангел; Из рассказов месяца | |
| 464 | 0 |
_12001#$aПриключения маленького Вигга в ночь под Рождество$aЗвездоглазка$aДве сосны$aДважды два - четыре$aСолнечный луч в ноябре$aРомашка$aЛизок с вершок$aАнгел$aИз рассказов месяца _tИз рассказов месяца |
|
| 700 | 1 |
_4220 _7ca _8rus _aКорчевская _bО. _f19 в. _9106844 _3RU\NLR\AUTH\77123919 |
|
| 702 | 1 |
_4100 _aРюдберг _bВ. _f1828-1895 _gВиктор _9154297 _3RU\NLR\AUTH\770154335 |
|
| 702 | 1 |
_4100 _7ca _8rus _aТопелиус _bЗ. _cписатель, поэт _f1818-1898 _gЗахариас _9122675 _3RU\NLR\AUTH\7712967 |
|
| 702 | 1 |
_4100 _7ca _8rus _aАндерсен _bХ. К. _f1805-1875 _gХанс Кристиан _9112181 _3RU\NLR\AUTH\772165 |
|
| 790 | 1 |
_7ca _8rus _aАндерсен _bХ. К. _f1805-1875 _gХанс Кристиан _9112181 _3RU\NLR\AUTH\772165 |
|
| 801 | 0 |
_aRU _bNLR _gpsbo |
|
| 801 | 1 |
_aRU _bProSoft-M _2rusmarc |
|
| 852 |
_aNLR _j38.61.4.24 |
||
| 942 | _cBOOK | ||
| 980 | _aNB | ||